Medzinárodné aspekty azylového práva a jeho uplatňovanie v SR a EÚ
Utečenci majú základné právo na azyl. Dohovor o právnom postavení utečencov tvorí právny nástroj ochrany na medzinárodnej úrovni. Základným aspektom Spoločného európskeho azylového systému je úplné a všestranné uplatňovanie Dohovoru o utečencoch z roku 1951. Medzinárodné aspekty azylového práva. Prá...
Enregistré dans:
| Auteur principal: | |
|---|---|
| Format: | Chapitre de livre |
| Langue: | slovaque |
| Sujets: | |
| Tags: |
Pas de tags, Soyez le premier à ajouter un tag!
|
MARC
| LEADER | 00000nla$a2200000$$$4500 | ||
|---|---|---|---|
| 001 | 0128052 | ||
| 005 | 20240502072448.1 | ||
| 041 | 0 | |a slo | |
| 044 | |a SK | ||
| 245 | 1 | 0 | |a Medzinárodné aspekty azylového práva a jeho uplatňovanie v SR a EÚ |c Klaudia Pyteľová |
| 520 | |a Utečenci majú základné právo na azyl. Dohovor o právnom postavení utečencov tvorí právny nástroj ochrany na medzinárodnej úrovni. Základným aspektom Spoločného európskeho azylového systému je úplné a všestranné uplatňovanie Dohovoru o utečencoch z roku 1951. Medzinárodné aspekty azylového práva. Právo na azyl v Európskej únii, v Slovenskej republike. | ||
| 610 | 2 | 0 | |a právo európske |
| 610 | 2 | 0 | |a právo medzinárodné |
| 610 | 2 | 0 | |a cudzinci |
| 610 | 2 | 0 | |a politika azylová |
| 100 | 1 | |a Pyteľová, Klaudia, 1985- | |